[Event "11th LCC Super Blitz 2019"]
[Site "London"]
[Date "2019.12.08"]
[Round "2.4"]
[White "Mortazavi, Ali"]
[Black "Bird, Joel"]
[Result "0-1"]
[WhiteElo "2333"]
[BlackElo "2009"]
[Annotator "NA"]
[PlyCount "60"]
[EventDate "2019.12.08"]
[EventType "swiss"]
[EventCountry "ENG"]
[SourceTitle "playchess.com"]
[Source "ChessBase"]
[SourceQuality "1"]
[TimeControl "180+2"]

1. Nf3 {[%emt 0:00:00]} d5 {[%emt 0:00:00]} 2. g3 {[%emt 0:00:00]} Nf6 {[%emt 0:00:00]} 3. Bg2 {[%emt 0:00:01]} g6 {[%emt 0:00:01]} 4. O-O {[%emt 0:00:01]} Bg7 {[%emt 0:00:01]} 5. d3 {[%emt 0:00:02]} O-O {[%emt 0:00:02]} 6. Nbd2 {[%emt 0:00:01]} Nbd7 {[%emt 0:00:07]} 7. e4 {[%emt 0:00:01]} e5 {[%emt 0:00:10]} 8. exd5 {[%emt 0:00:06]} Nxd5 {[%emt 0:00:02]} 9. Re1 {[%emt 0:00:01]} c6 {[%emt 0:00:25]} 10. Nc4 {[%emt 0:00:03]} Qc7 {[%emt 0:00:12]} 11. a4 {[%emt 0:00:01]} Re8 {[%emt 0:00:07]} 12. c3 {[%emt 0:00:01]} N7b6 {[%emt 0:00:10]} 13. a5 {[%emt 0:00:22]} Nxc4 14. dxc4 {[%emt 0:00:01]} Ne7 {[%emt 0:00:24]} 15. a6 {[%emt 0:00:01]} Nf5 {[%emt 0:00:12]} 16. axb7 Bxb7 {[%emt 0:00:01]} 17. c5 {[%emt 0:00:19]} a5 {[%emt 0:00:04]} 18. Ng5 {[%emt 0:00:26]} Qe7 {[%emt 0:00:09]} 19. Qb3 {[%emt 0:00:32]} Rab8 {[%emt 0:00:07]} 20. Rxa5 {[%emt 0:00:07]} Ba6 {[%emt 0:00:11]} 21. Qa3 {[%emt 0:00:04]} Bb5 {[%emt 0:00:14]} 22. Ne4 {[%emt 0:00:05]} Qe6 {[%emt 0:00:21]} 23. Ng5 {[%emt 0:00:15]} Qc4 {[%emt 0:00:08]} 24. Bf1 {[%emt 0:00:11]} Qd5 {[%emt 0:00:08]} 25. Bg2 {[%emt 0:00:05]} Qc4 {[%emt 0:00:06]} 26. Ne4 {[%emt 0:00:08]} h5 {[%emt 0:00:07]} 27. b3 {[%emt 0:00:13]} Qd3 {[%emt 0:00:15]} 28. c4 {[%emt 0:00:01]} Bxc4 {[%emt 0:00:02]} 29. bxc4 {[%emt 0:00:03]} Rb1 {[%emt 0:00:03]} 30. Qxd3 {[%emt 0:00:02]} Rb2 {[%emt 0:00:04]} 0-1

[Event "11th LCC Super Blitz 2019"]
[Site "London"]
[Date "2019.12.08"]
[Round "2.4"]
[White "Tanmay Chopra"]
[Black "Wallace, John Paul"]
[Result "0-1"]
[WhiteElo "2100"]
[BlackElo "2344"]
[Annotator "NA"]
[PlyCount "62"]
[EventDate "2019.12.08"]
[EventType "swiss"]
[EventCountry "ENG"]
[SourceTitle "playchess.com"]
[Source "ChessBase"]
[SourceQuality "1"]
[TimeControl "180+2"]

1. e4 {[%emt 0:00:00]} c5 {[%emt 0:00:00]} 2. Nf3 {[%emt 0:00:00]} d6 {[%emt 0:00:00]} 3. d4 {[%emt 0:00:01]} cxd4 {[%emt 0:00:00]} 4. Nxd4 {[%emt 0:00:01]} Nf6 {[%emt 0:00:01]} 5. Nc3 {[%emt 0:00:01]} a6 {[%emt 0:00:01]} 6. Be3 {[%emt 0:00:01]} e6 {[%emt 0:00:01]} 7. Be2 {[%emt 0:00:23]} Be7 {[%emt 0:00:03]} 8. O-O {[%emt 0:00:02]} O-O {[%emt 0:00:02]} 9. f4 {[%emt 0:00:01]} Qc7 {[%emt 0:00:01]} 10. Qe1 {[%emt 0:00:08]} b5 {[%emt 0:00:05]} 11. a3 {[%emt 0:00:47]} Bb7 {[%emt 0:00:01]} 12. Bd3 {[%emt 0:00:00]} Nbd7 {[%emt 0:00:01]} 13. Qg3 {[%emt 0:00:01]} Nc5 {[%emt 0:00:18]} 14. e5 {[%emt 0:00:25]} dxe5 {[%emt 0:00:19]} 15. fxe5 {[%emt 0:00:01]} Nfd7 {[%emt 0:00:02]} 16. Bf4 {[%emt 0:00:27]} Nxd3 {[%emt 0:00:09]} 17. cxd3 {[%emt 0:00:03]} Bc5 {[%emt 0:00:36]} 18. Nce2 {[%emt 0:00:01]} Kh8 {[%emt 0:00:09]} 19. Kh1 {[%emt 0:00:04]} Ba7 {[%emt 0:00:33]} 20. Nf3 {[%emt 0:00:01]} Qc2 {[%emt 0:00:11]} 21. Neg1 {[%emt 0:00:30]} Nc5 {[%emt 0:00:09]} 22. Ng5 {[%emt 0:00:21]} Qxd3 {[%emt 0:00:06]} 23. N1f3 {[%emt 0:00:03]} Ne4 {[%emt 0:00:22]} 24. Qh3 {[%emt 0:00:01]} Nxg5 {[%emt 0:00:01]} 25. Nxg5 {[%emt 0:00:01]} Qxh3 {[%emt 0:00:02]} 26. Nxh3 {[%emt 0:00:02]} h6 {[%emt 0:00:02]} 27. Rac1 {[%emt 0:00:02]} Rac8 {[%emt 0:00:01]} 28. Nf2 {[%emt 0:00:05]} Rxc1 {[%emt 0:00:02]} 29. Bxc1 {[%emt 0:00:02]} Rc8 {[%emt 0:00:02]} 30. Nd3 {[%emt 0:00:06]} Kg8 {[%emt 0:00:02]} 31. b4 {[%emt 0:00:03]} Rc2 {[%emt 0:00:01]} 0-1

[Event "11th LCC Super Blitz 2019"]
[Site "London"]
[Date "2019.12.08"]
[Round "2.5"]
[White "Bukojemski, Adam"]
[Black "Janula, Mariusz"]
[Result "1-0"]
[WhiteElo "2219"]
[BlackElo "1767"]
[Annotator "NA"]
[PlyCount "109"]
[EventDate "2019.12.08"]
[EventType "swiss"]
[EventCountry "ENG"]
[SourceTitle "playchess.com"]
[Source "ChessBase"]
[SourceQuality "1"]
[TimeControl "180+2"]

1. e4 {[%emt 0:00:00]} c5 {[%emt 0:00:00]} 2. Nf3 {[%emt 0:00:00]} d6 {[%emt 0:00:00]} 3. d4 {[%emt 0:00:01]} cxd4 {[%emt 0:00:01]} 4. Qxd4 {[%emt 0:00:01]} Nf6 {[%emt 0:00:01]} 5. h3 {[%emt 0:00:04]} Nc6 {[%emt 0:00:05]} 6. Qe3 {[%emt 0:00:02]} g6 {[%emt 0:00:04]} 7. c4 {[%emt 0:00:01]} Bg7 {[%emt 0:00:02]} 8. Nc3 {[%emt 0:00:01]} O-O {[%emt 0:00:03]} 9. Bd3 {[%emt 0:00:02]} Bd7 {[%emt 0:00:08]} 10. O-O {[%emt 0:00:02]} a6 {[%emt 0:00:03]} 11. Bd2 {[%emt 0:00:01]} Rc8 {[%emt 0:00:01]} 12. Rac1 {[%emt 0:00:02]} Re8 {[%emt 0:00:14]} 13. Rfd1 {[%emt 0:00:01]} e6 {[%emt 0:00:16]} 14. Bf1 {[%emt 0:00:11]} Qe7 {[%emt 0:00:03]} 15. b3 {[%emt 0:00:07]} h6 {[%emt 0:00:24]} 16. Na4 {[%emt 0:00:01]} b5 {[%emt 0:00:05]} 17. Nb6 {[%emt 0:00:01]} Rb8 {[%emt 0:00:03]} 18. cxb5 {[%emt 0:00:05]} axb5 {[%emt 0:00:11]} 19. Bxb5 {[%emt 0:00:17]} Ne5 {[%emt 0:00:11]} 20. Nxe5 {[%emt 0:00:10]} dxe5 {[%emt 0:00:08]} 21. Rc7 {[%emt 0:00:21]} Qd6 {[%emt 0:00:23]} 22. Rxd7 {[%emt 0:00:06]} Qxb6 {[%emt 0:00:02]} 23. Ba4 {[%emt 0:00:19]} Nxd7 {[%emt 0:00:05]} 24. Bxd7 {[%emt 0:00:02]} Red8 {[%emt 0:00:06]} 25. Qxb6 {[%emt 0:00:02]} Rxb6 {[%emt 0:00:00]} 26. Ba5 {[%emt 0:00:01]} Rbb8 {[%emt 0:00:10]} 27. Bxd8 {[%emt 0:00:01]} Rxd8 {[%emt 0:00:01]} 28. b4 {[%emt 0:00:04]} Bf8 {[%emt 0:00:03]} 29. a3 {[%emt 0:00:01]} Be7 {[%emt 0:00:03]} 30. Kf1 {[%emt 0:00:06]} Ra8 {[%emt 0:00:02]} 31. Rd3 {[%emt 0:00:01]} Bd8 {[%emt 0:00:05]} 32. Ke2 {[%emt 0:00:03]} Kf8 {[%emt 0:00:01]} 33. Kd2 {[%emt 0:00:04]} Bb6 {[%emt 0:00:01]} 34. f3 {[%emt 0:00:02]} Ke7 {[%emt 0:00:00]} 35. Kc2 {[%emt 0:00:01]} Ra7 {[%emt 0:00:03]} 36. Bb5 {[%emt 0:00:03]} Rc7+ {[%emt 0:00:01]} 37. Kb3 {[%emt 0:00:02]} Bd4 {[%emt 0:00:01]} 38. a4 {[%emt 0:00:06]} f5 {[%emt 0:00:05]} 39. a5 {[%emt 0:00:00]} g5 {[%emt 0:00:09]} 40. Bc4 {[%emt 0:00:06]} h5 {[%emt 0:00:05]} 41. b5 {[%emt 0:00:02]} Rb7 {[%emt 0:00:07]} 42. b6 {[%emt 0:00:03]} g4 {[%emt 0:00:03]} 43. Ka4 {[%emt 0:00:10]} h4 {[%emt 0:00:09]} 44. hxg4 {[%emt 0:00:06]} fxe4 {[%emt 0:00:10]} 45. fxe4 {[%emt 0:00:01]} Kd6 {[%emt 0:00:00]} 46. Kb5 {[%emt 0:00:01]} Rg7 {[%emt 0:00:01]} 47. a6 {[%emt 0:00:10]} Rxg4 {[%emt 0:00:03]} 48. b7 {[%emt 0:00:01]} Kc7 {[%emt 0:00:07]} 49. Rd2 {[%emt 0:00:00]} Rxe4 {[%emt 0:00:05]} 50. Bxe6 {[%emt 0:00:02]} Ba7 {[%emt 0:00:06]} 51. Rd7+ {[%emt 0:00:00]} Kb8 {[%emt 0:00:03]} 52. Rd8+ {[%emt 0:00:00]} Kc7 {[%emt 0:00:02]} 53. Rc8+ {[%emt 0:00:00]} Kd6 {[%emt 0:00:02]} 54. Bc4 {[%emt 0:00:00]} Rg4 {[%emt 0:00:12]} 55. b8=Q+ {[%emt 0:00:00]} 1-0

[Event "11th LCC Super Blitz 2019"]
[Site "London"]
[Date "2019.12.08"]
[Round "2.5"]
[White "Rushbrooke, Remy"]
[Black "Cox, John J"]
[Result "1-0"]
[WhiteElo "1877"]
[BlackElo "2346"]
[Annotator "NA"]
[PlyCount "45"]
[EventDate "2019.12.08"]
[EventType "swiss"]
[EventCountry "ENG"]
[SourceTitle "playchess.com"]
[Source "ChessBase"]
[SourceQuality "1"]
[TimeControl "180+2"]

1. d4 {[%emt 0:00:00]} f5 {[%emt 0:00:05]} 2. Nc3 {[%emt 0:00:04]} d5 {[%emt 0:00:04]} 3. e4 {[%emt 0:00:11]} dxe4 {[%emt 0:00:07]} 4. Bf4 {[%emt 0:00:02]} Nf6 {[%emt 0:00:04]} 5. f3 {[%emt 0:00:00]} e6 {[%emt 0:00:22]} 6. fxe4 {[%emt 0:00:18]} fxe4 {[%emt 0:00:01]} 7. Bc4 {[%emt 0:00:18]} Bb4 {[%emt 0:00:05]} 8. Nge2 {[%emt 0:00:30]} O-O {[%emt 0:00:01]} 9. O-O {[%emt 0:00:01]} Nc6 {[%emt 0:00:02]} 10. Bg5 {[%emt 0:00:09]} Kh8 {[%emt 0:00:10]} 11. Nxe4 {[%emt 0:00:16]} Be7 {[%emt 0:00:01]} 12. Nxf6 {[%emt 0:00:43]} Bxf6 {[%emt 0:00:01]} 13. Bxf6 {[%emt 0:00:01]} Rxf6 {[%emt 0:00:02]} 14. Rxf6 {[%emt 0:00:02]} Qxf6 {[%emt 0:00:02]} 15. Qd3 {[%emt 0:00:05]} Bd7 {[%emt 0:00:03]} 16. Rf1 {[%emt 0:00:01]} Qe7 {[%emt 0:00:04]} 17. Nf4 {[%emt 0:00:07]} e5 {[%emt 0:00:09]} 18. Ng6+ {[%emt 0:00:32]} hxg6 {[%emt 0:00:07]} 19. Qxg6 {[%emt 0:00:01]} Qd6 {[%emt 0:00:14]} 20. Qf7 {[%emt 0:00:13]} Na5 {[%emt 0:00:39]} 21. Bd3 {[%emt 0:00:05]} Re8 {[%emt 0:00:33]} 22. dxe5 {[%emt 0:00:01]} Qxe5 {[%emt 0:00:05]} 23. Qf5 {[%emt 0:00:05]} 1-0

[Event "11th LCC Super Blitz 2019"]
[Site "London"]
[Date "2019.12.08"]
[Round "2.5"]
[White "Arapalea, Daniel-Ionel"]
[Black "Willow, Jonah B"]
[Result "1/2-1/2"]
[WhiteElo "1840"]
[BlackElo "2355"]
[Annotator "NA"]
[PlyCount "102"]
[EventDate "2019.12.08"]
[EventType "swiss"]
[EventCountry "ENG"]
[SourceTitle "playchess.com"]
[Source "ChessBase"]
[SourceQuality "1"]
[TimeControl "180+2"]

1. e4 {[%emt 0:00:02]} c5 2. Nf3 {[%emt 0:00:00]} Nc6 {[%emt 0:00:00]} 3. c3 {[%emt 0:00:03]} Nf6 {[%emt 0:00:00]} 4. Qc2 {[%emt 0:00:01]} e5 {[%emt 0:00:13]} 5. Be2 {[%emt 0:00:05]} Be7 {[%emt 0:00:06]} 6. O-O {[%emt 0:00:02]} O-O {[%emt 0:00:02]} 7. Rd1 {[%emt 0:00:07]} d6 {[%emt 0:00:10]} 8. a3 {[%emt 0:00:02]} b6 {[%emt 0:00:17]} 9. b4 {[%emt 0:00:01]} h6 {[%emt 0:00:05]} 10. Bb2 {[%emt 0:00:06]} Bg4 {[%emt 0:00:05]} 11. d3 {[%emt 0:00:08]} Rc8 {[%emt 0:00:02]} 12. Qd2 {[%emt 0:00:04]} Nh5 {[%emt 0:00:08]} 13. Bc1 {[%emt 0:00:31]} Nf4 {[%emt 0:00:20]} 14. Qe1 {[%emt 0:00:07]} Nxe2+ {[%emt 0:00:10]} 15. Qxe2 {[%emt 0:00:03]} Qd7 {[%emt 0:00:01]} 16. Nbd2 {[%emt 0:00:09]} Kh8 {[%emt 0:00:09]} 17. h3 {[%emt 0:00:15]} Bh5 {[%emt 0:00:00]} 18. g4 {[%emt 0:00:04]} Bg6 {[%emt 0:00:01]} 19. Nf1 {[%emt 0:00:09]} d5 {[%emt 0:00:08]} 20. Ng3 {[%emt 0:00:08]} cxb4 {[%emt 0:00:10]} 21. cxb4 {[%emt 0:00:05]} Nd4 {[%emt 0:00:29]} 22. Nxd4 {[%emt 0:00:04]} exd4 {[%emt 0:00:01]} 23. exd5 {[%emt 0:00:27]} Bh4 {[%emt 0:00:17]} 24. Qf3 {[%emt 0:00:11]} Rc2 {[%emt 0:00:07]} 25. Bf4 {[%emt 0:00:01]} Rd8 {[%emt 0:00:05]} 26. Re1 {[%emt 0:00:02]} Qxd5 {[%emt 0:00:08]} 27. Qxd5 Rxd5 {[%emt 0:00:00]} 28. Re8+ {[%emt 0:00:01]} Kh7 29. Rd1 {[%emt 0:00:25]} Rc3 {[%emt 0:00:07]} 30. Ne4 {[%emt 0:00:05]} Bxe4 {[%emt 0:00:01]} 31. Rxe4 {[%emt 0:00:02]} Rc2 {[%emt 0:00:04]} 32. Bg3 {[%emt 0:00:02]} Bf6 {[%emt 0:00:02]} 33. f4 {[%emt 0:00:04]} Rc3 {[%emt 0:00:02]} 34. h4 {[%emt 0:00:03]} Rxa3 {[%emt 0:00:03]} 35. g5 {[%emt 0:00:01]} hxg5 {[%emt 0:00:01]} 36. hxg5 {[%emt 0:00:02]} Bd8 {[%emt 0:00:02]} 37. Kf2 {[%emt 0:00:01]} Kg6 {[%emt 0:00:01]} 38. Bh4 {[%emt 0:00:04]} Kf5 {[%emt 0:00:03]} 39. Kf3 {[%emt 0:00:02]} Bc7 {[%emt 0:00:06]} 40. Re7 {[%emt 0:00:04]} Bd6 {[%emt 0:00:09]} 41. Rxf7+ {[%emt 0:00:02]} Kg6 {[%emt 0:00:01]} 42. Rd7 {[%emt 0:00:02]} Kf5 {[%emt 0:00:05]} 43. Rf7+ {[%emt 0:00:02]} Kg6 {[%emt 0:00:01]} 44. Rd7 {[%emt 0:00:01]} Kf5 {[%emt 0:00:01]} 45. Rf7+ {[%emt 0:00:01]} Ke6 {[%emt 0:00:06]} 46. Rxg7 {[%emt 0:00:02]} Rf5 {[%emt 0:00:01]} 47. Rg6+ {[%emt 0:00:02]} Kd5 {[%emt 0:00:01]} 48. Rxd6+ {[%emt 0:00:01]} Kxd6 {[%emt 0:00:01]} 49. Ke4 {[%emt 0:00:01]} Ke6 {[%emt 0:00:03]} 50. Rc1 {[%emt 0:00:02]} Rc3 {[%emt 0:00:03]} 51. Ra1 {[%emt 0:00:02]} Rc2 {[%emt 0:00:03]} 1/2-1/2

[Event "11th LCC Super Blitz 2019"]
[Site "London"]
[Date "2019.12.08"]
[Round "2.6"]
[White "Roberson, Peter T"]
[Black "Ozturan, Cem"]
[Result "1-0"]
[WhiteElo "2282"]
[BlackElo "1853"]
[Annotator "NA"]
[PlyCount "172"]
[EventDate "2019.12.08"]
[EventType "swiss"]
[EventCountry "ENG"]
[SourceTitle "playchess.com"]
[Source "ChessBase"]
[SourceQuality "1"]
[TimeControl "180+2"]

1. Nc3 {[%emt 0:00:00]} Nf6 {[%emt 0:00:00]} 2. d4 {[%emt 0:00:00]} d5 {[%emt 0:00:01]} 3. Bf4 {[%emt 0:00:01]} e6 {[%emt 0:00:01]} 4. e3 {[%emt 0:00:01]} Bd6 {[%emt 0:00:02]} 5. Bd3 {[%emt 0:00:06]} c6 {[%emt 0:00:04]} 6. Nf3 {[%emt 0:00:02]} Bxf4 {[%emt 0:00:05]} 7. exf4 {[%emt 0:00:02]} O-O {[%emt 0:00:02]} 8. O-O {[%emt 0:00:02]} b6 {[%emt 0:00:13]} 9. Qe2 {[%emt 0:00:01]} c5 {[%emt 0:00:02]} 10. Qe3 {[%emt 0:00:12]} Nc6 {[%emt 0:00:06]} 11. Bb5 {[%emt 0:00:10]} cxd4 {[%emt 0:00:05]} 12. Nxd4 {[%emt 0:00:05]} Nxd4 {[%emt 0:00:02]} 13. Qxd4 {[%emt 0:00:01]} Bd7 {[%emt 0:00:03]} 14. Bd3 {[%emt 0:00:03]} g6 {[%emt 0:00:26]} 15. Rfe1 {[%emt 0:00:03]} Nh5 {[%emt 0:00:08]} 16. g3 {[%emt 0:00:09]} Qf6 {[%emt 0:00:05]} 17. Re5 {[%emt 0:00:02]} Ng7 {[%emt 0:00:02]} 18. Rd1 {[%emt 0:00:07]} Nf5 {[%emt 0:00:10]} 19. Bxf5 {[%emt 0:00:03]} gxf5 {[%emt 0:00:02]} 20. Rxd5 {[%emt 0:00:15]} Qxd4 {[%emt 0:00:06]} 21. R5xd4 {[%emt 0:00:02]} Bc6 {[%emt 0:00:03]} 22. Kf1 {[%emt 0:00:18]} Rfc8 {[%emt 0:00:27]} 23. Ke2 {[%emt 0:00:02]} a5 {[%emt 0:00:12]} 24. Ke3 {[%emt 0:00:05]} b5 {[%emt 0:00:01]} 25. a3 {[%emt 0:00:06]} Rab8 {[%emt 0:00:03]} 26. Na2 {[%emt 0:00:36]} Bd5 {[%emt 0:00:05]} 27. Nc3 {[%emt 0:00:02]} Bc6 {[%emt 0:00:02]} 28. Ne2 {[%emt 0:00:05]} Bd5 {[%emt 0:00:02]} 29. c3 {[%emt 0:00:02]} Bb3 {[%emt 0:00:37]} 30. R1d2 {[%emt 0:00:04]} Bd5 {[%emt 0:00:01]} 31. Nc1 {[%emt 0:00:02]} b4 {[%emt 0:00:08]} 32. axb4 {[%emt 0:00:22]} axb4 {[%emt 0:00:01]} 33. Ne2 {[%emt 0:00:01]} bxc3 {[%emt 0:00:02]} 34. Nxc3 {[%emt 0:00:02]} Rxb2 {[%emt 0:00:17]} 35. Rxb2 {[%emt 0:00:03]} Rxc3+ {[%emt 0:00:01]} 36. Rd3 {[%emt 0:00:03]} Rc1 {[%emt 0:00:02]} 37. h4 {[%emt 0:00:16]} Re1+ {[%emt 0:00:02]} 38. Kd4 {[%emt 0:00:08]} Re4+ {[%emt 0:00:03]} 39. Kc5 {[%emt 0:00:01]} Rc4+ {[%emt 0:00:03]} 40. Kd6 {[%emt 0:00:07]} Rc6+ {[%emt 0:00:02]} 41. Kd7 {[%emt 0:00:01]} Rc1 {[%emt 0:00:04]} 42. Ke7 {[%emt 0:00:08]} Rc7+ {[%emt 0:00:01]} 43. Kf6 {[%emt 0:00:02]} Rc8 {[%emt 0:00:09]} 44. Rbd2 {[%emt 0:00:08]} h6 {[%emt 0:00:02]} 45. Rxd5 {[%emt 0:00:05]} exd5 {[%emt 0:00:01]} 46. Rxd5 {[%emt 0:00:05]} Rc6+ {[%emt 0:00:01]} 47. Kxf5 {[%emt 0:00:01]} Kg7 {[%emt 0:00:01]} 48. Rd2 {[%emt 0:00:05]} Rf6+ {[%emt 0:00:02]} 49. Kg4 {[%emt 0:00:00]} Ra6 {[%emt 0:00:01]} 50. Re2 {[%emt 0:00:03]} Ra5 {[%emt 0:00:02]} 51. f5 {[%emt 0:00:02]} Ra4+ {[%emt 0:00:00]} 52. f4 {[%emt 0:00:03]} Ra3 {[%emt 0:00:02]} 53. Rd2 {[%emt 0:00:04]} Rb3 {[%emt 0:00:01]} 54. Rd6 {[%emt 0:00:01]} Ra3 {[%emt 0:00:02]} 55. Rc6 {[%emt 0:00:01]} Rb3 {[%emt 0:00:01]} 56. Ra6 {[%emt 0:00:01]} Rc3 {[%emt 0:00:01]} 57. f6+ {[%emt 0:00:03]} Kg6 {[%emt 0:00:06]} 58. h5+ {[%emt 0:00:00]} Kh7 {[%emt 0:00:01]} 59. Ra7 {[%emt 0:00:01]} Kg8 {[%emt 0:00:02]} 60. Re7 {[%emt 0:00:05]} Ra3 {[%emt 0:00:02]} 61. Kh4 {[%emt 0:00:01]} Ra1 {[%emt 0:00:02]} 62. Kg4 {[%emt 0:00:05]} Ra3 {[%emt 0:00:04]} 63. Rd7 {[%emt 0:00:04]} Rb3 {[%emt 0:00:01]} 64. Kh4 {[%emt 0:00:02]} Rb6 {[%emt 0:00:06]} 65. g4 {[%emt 0:00:03]} Rxf6 {[%emt 0:00:02]} 66. Kg3 {[%emt 0:00:00]} Ra6 {[%emt 0:00:01]} 67. g5 {[%emt 0:00:01]} hxg5 {[%emt 0:00:13]} 68. fxg5 {[%emt 0:00:01]} Ra4 {[%emt 0:00:01] Kf4 Kg7+ Kg3 Kg8} 69. Kf3 {[%emt 0:00:03]} Rb4 {[%emt 0:00:00]} 70. Ke3 {[%emt 0:00:02]} Ra4 {[%emt 0:00:00]} 71. Rd4 {[%emt 0:00:02]} Ra5 {[%emt 0:00:00]} 72. Kf4 {[%emt 0:00:01]} Ra1 {[%emt 0:00:00]} 73. Kf5 {[%emt 0:00:01]} Kg7 {[%emt 0:00:00]} 74. h6+ {[%emt 0:00:02]} Kh7 {[%emt 0:00:00]} 75. Rf4 {[%emt 0:00:01]} Ra6 {[%emt 0:00:00]} 76. Ke5 {[%emt 0:00:02]} Ra5+ {[%emt 0:00:00]} 77. Kf6 {[%emt 0:00:02]} Ra6+ {[%emt 0:00:00]} 78. Kxf7 {[%emt 0:00:01]} Ra7+ {[%emt 0:00:13]} 79. Kf6 {[%emt 0:00:01]} Ra6+ {[%emt 0:00:01]} 80. Kf5 {[%emt 0:00:01]} Rg6 {[%emt 0:00:03]} 81. Re4 {[%emt 0:00:01]} Ra6 {[%emt 0:00:01]} 82. Re7+ {[%emt 0:00:02]} Kg8 {[%emt 0:00:02]} 83. Re6 {[%emt 0:00:01]} Ra7 {[%emt 0:00:01]} 84. g6 {[%emt 0:00:06]} Ra5+ {[%emt 0:00:02]} 85. Kf6 {[%emt 0:00:01]} Ra8 {[%emt 0:00:01]} 86. Rd6 {[%emt 0:00:07]} Rb8 1-0

[Event "11th LCC Super Blitz 2019"]
[Site "London"]
[Date "2019.12.08"]
[Round "2.6"]
[White "Stepanyan, Henrik"]
[Black "Srivastava, Arnav"]
[Result "1-0"]
[WhiteElo "2193"]
[BlackElo "1728"]
[Annotator "NA"]
[PlyCount "59"]
[EventDate "2019.12.08"]
[EventType "swiss"]
[EventCountry "ENG"]
[SourceTitle "playchess.com"]
[Source "ChessBase"]
[SourceQuality "1"]
[TimeControl "180+2"]

1. d4 {[%emt 0:00:00]} Nf6 {[%emt 0:00:00]} 2. c4 {[%emt 0:00:01]} e6 {[%emt 0:00:00]} 3. Nf3 {[%emt 0:00:01]} b6 {[%emt 0:00:00]} 4. g3 {[%emt 0:00:01]} Bb7 {[%emt 0:00:00]} 5. Bg2 {[%emt 0:00:01]} Be7 {[%emt 0:00:01]} 6. O-O {[%emt 0:00:01]} O-O {[%emt 0:00:01]} 7. Nc3 {[%emt 0:00:03]} c5 {[%emt 0:00:01]} 8. d5 {[%emt 0:00:04]} d6 {[%emt 0:00:02]} 9. e4 {[%emt 0:00:02]} e5 {[%emt 0:00:01]} 10. Nh4 {[%emt 0:00:08]} Bc8 {[%emt 0:00:10]} 11. Kh1 {[%emt 0:00:08]} Ne8 {[%emt 0:00:21]} 12. Nf5 {[%emt 0:00:09]} Bxf5 {[%emt 0:00:03]} 13. exf5 {[%emt 0:00:01]} g6 {[%emt 0:00:02]} 14. f4 {[%emt 0:00:24]} Ng7 {[%emt 0:00:20]} 15. fxe5 {[%emt 0:00:06]} Nxf5 {[%emt 0:00:11]} 16. e6 {[%emt 0:00:10]} Na6 {[%emt 0:00:21]} 17. Rxf5 {[%emt 0:00:13]} gxf5 {[%emt 0:00:03]} 18. Bh6 {[%emt 0:00:01]} Bf6 {[%emt 0:00:40]} 19. Bxf8 {[%emt 0:00:12]} Qxf8 {[%emt 0:00:01]} 20. Qf3 {[%emt 0:00:11]} Bxc3 {[%emt 0:00:05]} 21. bxc3 {[%emt 0:00:01]} fxe6 {[%emt 0:00:01]} 22. dxe6 {[%emt 0:00:01]} Re8 {[%emt 0:00:01]} 23. Qb7 {[%emt 0:00:20]} Nb8 {[%emt 0:00:05]} 24. Qxa7 {[%emt 0:00:17]} Rxe6 {[%emt 0:00:05]} 25. Bd5 {[%emt 0:00:00]} Qe8 {[%emt 0:00:05]} 26. Bxe6+ {[%emt 0:00:02]} Qxe6 {[%emt 0:00:01]} 27. Qxb8+ {[%emt 0:00:01]} Kf7 {[%emt 0:00:00]} 28. Qb7+ {[%emt 0:00:01]} Kf6 {[%emt 0:00:02]} 29. Qd5 {[%emt 0:00:07]} Qe3 {[%emt 0:00:04]} 30. Rf1 {[%emt 0:00:05]} 1-0

[Event "11th LCC Super Blitz 2019"]
[Site "London"]
[Date "2019.12.08"]
[Round "2.6"]
[White "Klingher, Dominic"]
[Black "Young, Daniel J"]
[Result "1-0"]
[WhiteElo "2071"]
[BlackElo "1947"]
[Annotator "NA"]
[PlyCount "39"]
[EventDate "2019.12.08"]
[EventType "swiss"]
[EventCountry "ENG"]
[SourceTitle "playchess.com"]
[Source "ChessBase"]
[SourceQuality "1"]
[TimeControl "180+2"]

1. e4 {[%emt 0:00:01]} c5 {[%emt 0:00:00]} 2. Nc3 {[%emt 0:00:01]} Nc6 {[%emt 0:00:00]} 3. g3 {[%emt 0:00:01]} g6 {[%emt 0:00:01]} 4. Bg2 {[%emt 0:00:01]} Bg7 {[%emt 0:00:01]} 5. Nge2 {[%emt 0:00:01]} d6 {[%emt 0:00:02]} 6. d3 {[%emt 0:00:00]} e6 {[%emt 0:00:02]} 7. Be3 {[%emt 0:00:01]} Nge7 {[%emt 0:00:01]} 8. Qd2 {[%emt 0:00:01]} O-O {[%emt 0:00:07]} 9. Bh6 {[%emt 0:00:02]} Bxh6 {[%emt 0:00:02]} 10. Qxh6 {[%emt 0:00:03]} Nd4 {[%emt 0:00:03]} 11. Rc1 {[%emt 0:00:19]} Rb8 {[%emt 0:00:08]} 12. h4 {[%emt 0:00:04]} Qd7 {[%emt 0:01:11]} 13. h5 {[%emt 0:00:12]} Nec6 {[%emt 0:00:03]} 14. Nf4 {[%emt 0:00:08]} b5 {[%emt 0:00:49]} 15. Bh3 {[%emt 0:00:17]} Nf3+ {[%emt 0:00:24]} 16. Kf1 {[%emt 0:00:03]} Ncd4 {[%emt 0:00:13]} 17. Ncd5 {[%emt 0:00:22]} f5 {[%emt 0:00:21]} 18. hxg6 {[%emt 0:00:07]} exd5 {[%emt 0:00:03]} 19. Bxf5 {[%emt 0:00:49]} Nxf5 {[%emt 0:00:02]} 20. gxh7+ {[%emt 0:00:04]} 1-0